प्लास्टिक अपशिष्ट प्रबंधन : (Record no. 14759)

MARC details
000 -LEADER
fixed length control field 01423nam a22002657a 4500
005 - DATE AND TIME OF LATEST TRANSACTION
control field 2008080802562.0
008 - FIXED-LENGTH DATA ELEMENTS--GENERAL INFORMATION
fixed length control field 080808t xxu||||| |||| 00| 0 hin d
010 ## - LCCN (DPL NO)
LC control number HIN-83888
020 ## - INTERNATIONAL STANDARD BOOK NUMBER
Terms of availability 200.00
035 ## - SYSTEM CONTROL NUMBER
System control number HN-56234
037 ## - SOURCE OF ACQUISITION
Source of stock number/acquisition DBAD / PUB
040 ## - CATALOGING SOURCE
Original cataloging agency DPL
Language of cataloging HN
082 ## - DEWEY DECIMAL CLASSIFICATION NUMBER
Classification number 363.7288
100 ## - MAIN ENTRY--PERSONAL NAME
Personal name लवानिया, जगदीश प्रसाद
245 ## - TITLE STATEMENT
Title प्लास्टिक अपशिष्ट प्रबंधन :
Statement of responsibility, etc बैकुंठ नाथ
Remainder of title पर्यावरण संरक्षण /
246 ## - VARYING FORM OF TITLE
Title proper/short title Anjuri bhar prabhat
Remainder of title by Baikunth Nath
260 ## - PUBLICATION, DISTRIBUTION, ETC. (IMPRINT)
Place of publication, distribution, etc हाथरस ( उ.प्र. )
Name of publisher, distributor, etc ज्ञान कला संजीवनी समिति
Date of publication, distribution, etc 2006
270 ## - ADDRESS
Address सिंघानियाँ कालॉनी
City हाथरस ( उ.प्र. )
Postal code 204101
300 ## - PHYSICAL DESCRIPTION
Extent 112पृ
Dimensions 22सेमी (सजिल्द)
Other physical details (सचित्र)
500 ## - GENERAL NOTE
General note परिशिष्ट संलग्न
650 ## - SUBJECT ADDED ENTRY--TOPICAL TERM
Topical term or geographic name as entry element पर्यावरण
General subdivision प्लास्टिक अपशिष्ट प्रबंधन
650 ## - SUBJECT ADDED ENTRY--TOPICAL TERM
Topical term or geographic name as entry element Environment
General subdivision Plastic Waste Management
942 ## - ADDED ENTRY ELEMENTS (KOHA)
Source of classification or shelving scheme Dewey Decimal Classification
Item type Hindi Books
Classification part 363.7288
Call number suffix लवानिया
Holdings
Withdrawn status Lost status Source of classification or shelving scheme Damaged status Not for loan Collection code Home library Current library Date acquired Source of acquisition Cost, normal purchase price Total Checkouts Full call number Barcode Date last seen Copy number Cost, replacement price Koha item type
    Dewey Decimal Classification   Not For Loan Non-fiction D.B.Act.Division D.B.Act.Division 08/08/2008 DBAD / PUB 200.00   363.7288 लवानिया HN-56234 15/09/2008 1 200.00 Hindi Books

© Delhi Public Library
Hit Counter
free hit counter